<?xml version="1.0" encoding="UTF-8"?>
<record
    xmlns:xsi="http://www.w3.org/2001/XMLSchema-instance"
    xsi:schemaLocation="http://www.loc.gov/MARC21/slim http://www.loc.gov/standards/marcxml/schema/MARC21slim.xsd"
    xmlns="http://www.loc.gov/MARC21/slim">

  <leader>00647nam a2200181 a 4500</leader>
  <datafield tag="999" ind1=" " ind2=" ">
    <subfield code="c">1798</subfield>
    <subfield code="d">1798</subfield>
  </datafield>
  <controlfield tag="001">1798</controlfield>
  <controlfield tag="003">CDMR</controlfield>
  <controlfield tag="005">20240123163213.0</controlfield>
  <controlfield tag="008">130130s1980||||||||||||||||||||||||||||d</controlfield>
  <datafield tag="040" ind1=" " ind2=" ">
    <subfield code="a">CDMR</subfield>
    <subfield code="b">cat</subfield>
    <subfield code="c">CDMR</subfield>
  </datafield>
  <datafield tag="245" ind1="0" ind2="2">
    <subfield code="a">L'Associaci&#xF3; de la Premsa de Barcelona davant la crisi de la premsa di&#xE0;ria </subfield>
    <subfield code="b">= La Asociaci&#xF3;n de la Prensa de Barcelona ante la crisis de la prensa diaria</subfield>
  </datafield>
  <datafield tag="260" ind1=" " ind2=" ">
    <subfield code="a">Barcelona : </subfield>
    <subfield code="b">l'Associaci&#xF3;, </subfield>
    <subfield code="c">1980</subfield>
  </datafield>
  <datafield tag="300" ind1=" " ind2=" ">
    <subfield code="a">[46] p&#xE0;gines</subfield>
  </datafield>
  <datafield tag="500" ind1=" " ind2=" ">
    <subfield code="a">Edici&#xF3; catal&#xE0;-castell&#xE0;</subfield>
  </datafield>
  <datafield tag="650" ind1=" " ind2="0">
    <subfield code="9">1509</subfield>
    <subfield code="a">Premsa</subfield>
    <subfield code="z">Barcelona</subfield>
    <subfield code="x">Hist&#xF2;ria </subfield>
    <subfield code="y">1970-1980</subfield>
  </datafield>
  <datafield tag="710" ind1="2" ind2=" ">
    <subfield code="9">39</subfield>
    <subfield code="a">Associaci&#xF3; de la Premsa de Barcelona</subfield>
  </datafield>
  <datafield tag="942" ind1=" " ind2=" ">
    <subfield code="c">FULLET</subfield>
    <subfield code="2">udc</subfield>
  </datafield>
  <datafield tag="952" ind1=" " ind2=" ">
    <subfield code="0">0</subfield>
    <subfield code="1">0</subfield>
    <subfield code="4">0</subfield>
    <subfield code="7">0</subfield>
    <subfield code="a">CDMR</subfield>
    <subfield code="b">CDMR</subfield>
    <subfield code="d">2013-01-16</subfield>
    <subfield code="l">0</subfield>
    <subfield code="o">Du 7/56</subfield>
    <subfield code="p">CDMR13119901</subfield>
    <subfield code="r">2013-01-16</subfield>
    <subfield code="w">2013-01-16</subfield>
    <subfield code="y">FULLET</subfield>
  </datafield>
  <datafield tag="952" ind1=" " ind2=" ">
    <subfield code="0">0</subfield>
    <subfield code="1">0</subfield>
    <subfield code="4">0</subfield>
    <subfield code="7">0</subfield>
    <subfield code="a">LLEIDA</subfield>
    <subfield code="b">LLEIDA</subfield>
    <subfield code="d">2011-08-10</subfield>
    <subfield code="l">0</subfield>
    <subfield code="o">651PAB</subfield>
    <subfield code="p">LLEIDA13119902</subfield>
    <subfield code="r">2013-01-16</subfield>
    <subfield code="w">2013-01-16</subfield>
    <subfield code="y">FULLET</subfield>
  </datafield>
</record>
